000 01216nam a2200277Ia 4500
999 _c55932
_d55932
001 23031
003 GE_BSU
005 20230628150716.0
008 181216s2004||||ge |||||||||||||| ||geo||
020 _a99928-65-11-3
040 _cGE_BSU
041 _ageo
080 _a2-264(38) + 821.14'01-343(075.3) ტ-79
245 _aტროას ომი /
_cთხრობა და კომენტ. ლაშა ბერაიასი.
250 _aმე-2 გადამუშავებული გამოცემა
264 _aთბილისი :
_bლოგოსი,
_c2004.
300 _a166 გვ. :
_bილ. ;
_c 20 სმ.
490 _aბერძნული მითების სამყარო
500 _aკომენტ. : გვ. 123-156
500 _a სახ. საძ. : გვ. 157-166
541 _h5 ლ.
653 _aბერძნული მითები
653 _aტროას ომი
710 _aთსუ
_bკლასიკური ფილოლოგიის, ბიზანტინისტიკისა და ნეოგრეცისტიკის ინსტიტუტი
_919028
942 _cBK
_2udc